West Indies /
Tallennettuna:
| Päätekijä: | |
|---|---|
| Muut tekijät: | , , |
| Aineistotyyppi: | Kartta |
| Julkaistu: |
Washington, EUA :
National Geographic Society,
2002, c2002
|
| Sarja: | (In Focus)
|
| Aiheet: | |
| Tagit: |
Ei tageja, Lisää ensimmäinen tagi!
|
MARC
| LEADER | 00000nem^a2200000^a^4500 | ||
|---|---|---|---|
| 001 | 000156669 | ||
| 005 | 20250521000000.0 | ||
| 009 | 20260310100511.59 | ||
| 037 | |a Acervo ITESO - Biblioteca | ||
| 041 | |a GRA | ||
| 082 | |a 320. 95600223 |b JEF | ||
| 100 | |a Jeffery, David |e (autor) | ||
| 245 | 1 | 0 | |a West Indies / |c D. Jeffery ; investigación de T. Cannell ; ed. de A. Carroll, W.L. Allen. |
| 255 | |c (E33º-E48º/N36º-N30º) | ||
| 255 | |a Escala 1 : 2 281 000 | ||
| 264 | 4 | |a Washington, EUA : |b National Geographic Society, |c 2002, c2002 | |
| 300 | |a 1 mapa | ||
| 336 | |a imagen cartográfica estática |b cri |2 rdacontenido | ||
| 337 | |a sin mediación |b n |2 rdamedio | ||
| 338 | |a mapa |b nz |2 rdasoporte | ||
| 440 | 1 | |a (In Focus) | |
| 546 | |a Edición gráfica con texto en inglés | ||
| 649 | |a XX | ||
| 650 | |a Guerra y Paz - |z Medio Oriente - |x Mapas | ||
| 650 | |a Recursos Energéticos - |z Medio Oriente - |x Mapas | ||
| 650 | |a Recursos Naturales - |z Medio Oriente - |x Mapas | ||
| 650 | |a Religión - |z Medio Oriente - |x Mapas | ||
| 650 | |a Política Exterior - |z Medio Oriente - |x Mapas | ||
| 650 | |a Siria - |x Mapas | ||
| 650 | |a Jordania - |x Mapas | ||
| 650 | |a Irak - |x Mapas | ||
| 650 | |a Irán - |x Mapas | ||
| 650 | |a Líbano - |x Mapas | ||
| 650 | |a Israel - |x Mapas | ||
| 650 | |a Palestina - |x Mapas | ||
| 650 | |a Arabia Saudita - |x Mapas | ||
| 650 | |a Egipto - |x Mapas | ||
| 650 | |a Turquía - |x Mapas | ||
| 650 | |a Yemen - |x Mapas | ||
| 650 | |a Omán - |x Mapas | ||
| 650 | |a Medio Oriente - |x Mapas | ||
| 650 | |a Asia - |x Mapas | ||
| 650 | |a Cartografía - |z Asia | ||
| 650 | |a Geografía - |z Asia | ||
| 700 | |a Cannell, Tom |e (investigación) | ||
| 700 | |a Carroll, Allen |e (edición) | ||
| 700 | |a Allen, William L. |e (edición) | ||
| 910 | |a Fondo General | ||
| 920 | |a Gráficos - Mapas | ||
| 905 | |a 503 | ||
| 901 | |a 0500047628 |b IT2 |c MAP |u 20250521 | ||
| 902 | |a https://opac.biblio.iteso.mx/vufind/Record/000156669 | ||